|
|
|
|
| LEADER |
00964nam a2200241 a 4500 |
| 001 |
04b26955519 |
| 008 |
100517r20111998enka b 001 0 eng d |
| 020 |
|
|
|a 9780194372176
|
| 040 |
|
|
|a StDuBDS
|c StDuBDS
|d BD-DhAAL
|
| 082 |
0 |
4 |
|a 401.93
|2 22
|
| 100 |
1 |
|
|a Skehan,Peter
|
| 245 |
0 |
0 |
|a A cognitive approach to language learning /
|c Peter Skehan
|
| 260 |
|
|
|a Oxford :
|b Oxford University Press,
|c 1998 [Reprinted 2011]
|
| 300 |
|
|
|a vii, 324 p. :
|c ill, ;
|c 24 cm.
|
| 490 |
0 |
|
|a Oxford applied linguistics.
|
| 500 |
|
|
|a Literaturverz. S. [295] - 313. Originally publ.: 1998.
|
| 504 |
|
|
|a Includes bibliography (p. [295]-313) and index.
|
| 541 |
1 |
|
|e 00020252
|
| 650 |
|
0 |
|a Second language acquisition.
|
| 650 |
|
0 |
|a Cognition..
|
| 852 |
4 |
|
|a Ayesha Abed Library
|j General shelf
|
| 999 |
|
|
|c 8610
|d 8610
|
| 952 |
|
|
|0 0
|1 0
|2 ddc
|4 0
|6 401_930000000000000_SKE_2011
|7 0
|9 10262
|a BRACUL
|b BRACUL
|c GEN
|d 2010-05-17
|l 2
|m 3
|o 401.93 SKE
|p 3010020252
|r 2014-08-20
|s 2014-08-03
|t 1
|w 2010-05-17
|y BK
|